Pasaje al Winnipeg
Furkejuvvon:
| Váldodahkki: | |
|---|---|
| Materiálatiipa: | Girji |
| Giella: | espánnjágiella |
| Almmustuhtton: |
Santiago
Ril
1997
|
| Fáttát: | |
| Fáddágilkorat: |
Lasit fáddágilkoriid
Eai fáddágilkorat, Lasit vuosttaš fáddágilkora!
|
MARC
| LEADER | 00000nam a2200000 a 4500 | ||
|---|---|---|---|
| 001 | UCM8678 | ||
| 003 | CL-VaPUC | ||
| 008 | 030321e19970000CL |||||||||||||||||spa|d | ||
| 082 | 0 | 4 | |a 070.4333 |b COR |2 21 |
| 100 | 0 | |a Corbinos, Isidro |e author |9 474825 | |
| 245 | 1 | 0 | |a Pasaje al Winnipeg |
| 300 | |a 237 p | ||
| 942 | |c BK | ||
| 945 | |d 20030321 00:00:00 |a cmena | ||
| 260 | |a Santiago |b Ril |c 1997 | ||
| 650 | 0 | |a Periodismo |9 310113 | |
| 650 | 7 | |a NOTICIAS DE GUERRA |2 CL-VaPUC |9 474826 | |
| 650 | 0 | |a Guerra civil española |9 331803 | |
| 650 | 0 | |a Autobiografías |9 265171 | |
| 650 | 0 | |a Periodistas |9 335499 | |
| 583 | |a last modification |c 20030321 00:00:00 |k Rodrigo Vera | ||
| 999 | |c 303133 |d 303131 | ||
| 952 | |0 0 |1 0 |4 0 |6 070_433300000000000_COR_1997 |7 0 |8 A |9 364246 |a BIBEDU |b BIBEDU |d 2019-11-21 |i 3882454 |o 070.4333 COR 1997 |p 3882454 |r 2019-11-21 |w 2019-11-21 |y BK |k LIT | ||